000 01563nam0a22002891 4500
001 v19\rc\1206961
005 20060306170218.9
035 _a(NLR Aleph) 004371269
090 _a3502502
_c3502502
100 _a20060306d1869 |||y0rusy50 ca
101 0 _arus
102 _aRU
105 _aa z |||||
200 1 _aСравнительный календарь древних и новых народов
_eС излож. времясчисления и календарей: китайского, японского, халдейского... с особенно-подробным объяснением русского летосчисления
_eС прил. табл. и с показанием применения их к поверке русских летописей
_fСост. М. Лалош
205 _a3-е изд.
210 _aСанкт-Петербург
_cтип. А.М. Котомина
_d1869
215 _a[10], XVI, 321 с.
_cил.
_d21
300 _aВ 1-м изд. загл.: "Времясчисление христианского и языческого мира"
451 0 _12001#$aВремясчисление христианского и языческого мира
_tВремясчисление христианского и языческого мира
700 1 _aЛалош
_bМ. Н.
_gМихаил Николаевич
_4220
801 0 _aRU
_bNLR
_gpsbo
801 1 _aRU
_bProSoft-M
_2rusmarc
852 _aNLR
_j18.54.6.68
852 _aNLR
_j133/6024
852 _aNLR
_bМф
_jК1/19431
942 _cBOOK
980 _aNB